logo

Bir Sreshtho Munshi Abdur Rouf Library
Jhenaidah Cadet College

সন্তান লালন-পালনে অভিভাবকের ভূমিকা / (Record no. 10947)

MARC details
000 -LEADER
fixed length control field 00800nam a2200217 a 4500
001 - CONTROL NUMBER
JCCL Control Number 10947
003 - CONTROL NUMBER IDENTIFIER
JCCL marc code BD-JhCC
005 - DATE AND TIME OF LATEST TRANSACTION
control field 20190908134017.0
008 - FIXED-LENGTH DATA ELEMENTS--GENERAL INFORMATION
fixed length control field 190630s2019 bg a|||| |||| 000 0 ben d
020 ## - INTERNATIONAL STANDARD BOOK NUMBER
International Standard Book Number 9789848934210
035 ## - SYSTEM CONTROL NUMBER
system control number (BD-JhCC)10947
040 ## - CATALOGING SOURCE
Original cataloging agency BD-JhCC
Modifying agency BD-JhCC
041 ## - LANGUAGE CODE
Language code of Book ben
082 ## - DEWEY DECIMAL CLASSIFICATION NUMBER
Classification number 649.1
Author mark and Year SAI 2019
100 ## - MAIN ENTRY--PERSONAL NAME
Personal name সাইফুদ্দীন, ড. কাজী
245 ## - TITLE STATEMENT
Title সন্তান লালন-পালনে অভিভাবকের ভূমিকা /
Statement of responsibility, etc ড. কাজী সাইফুদ্দীন
260 ## - PUBLICATION, DISTRIBUTION, ETC. (IMPRINT)
Place of publication, distribution, etc ঢাকা :
Name of publisher, distributor, etc আলেয়া বুক ডিপো,
Date of publication, distribution, etc ২০১৯.
300 ## - PHYSICAL DESCRIPTION
Pagination ১৭৫ পৃ. :
Other physical details চিত্রবলী সংযোজিত,
Dimensions ২০ সেমি.
650 ## - SUBJECT ADDED ENTRY--TOPICAL TERM
Topical term or geographic name as entry element Parenting
942 ## - ADDED ENTRY ELEMENTS (KOHA)
Source of classification or shelving scheme Dewey Decimal Classification
Koha item type Books
Koha issues (borrowed), all copies 1
Holdings
Source of classification or shelving scheme Damaged status Not for loan Home library Current library Shelving location Date of accession Cost, normal purchase price Total Checkouts Full call number Barcode Date last seen Date checked out Copy number Koha item type
Dewey Decimal Classification     JCC Rouf Library JCC Rouf Library General Stacks 06/30/2019 250.00 2 649.1 SAI 2019 14913 03/23/2021 09/08/2019 C-1 Books

JCC Library | Contacts | JCC Home

Last Update on 23 September 2017
Copyright @ 2017-2020 JCC Rouf Library
Rouf Library, Jhenidah Cadet College (JCC), Bangladesh